Statistics for 407 Islands on the World Map

Click here to take the quiz!

General Stats

  • This quiz has been taken 237 times
    (104 since last reset)
  • The average score is 161 of 407

Answer Stats

CATEGORY WORLD # COUNTRY # COUNTRY Area C Island % Correct
A171Cuba105,806๐Ÿ‡จ๐Ÿ‡บCuba
93%
A221 / 1Dominican Republic / Haiti73,929๐Ÿ‡ฉ๐Ÿ‡ด ๐Ÿ‡ญ๐Ÿ‡นHispaniola
89%
A201 / 2Ireland / United Kingdom84,421๐Ÿ‡ฎ๐Ÿ‡ช ๐Ÿ‡ฌ๐Ÿ‡งIreland
89%
A181Iceland101,826๐Ÿ‡ฎ๐Ÿ‡ธIceland
89%
A11Greenland2,130,800๐Ÿ‡ฌ๐Ÿ‡ฑGreenland
89%
A164Canada108,860๐Ÿ‡จ๐Ÿ‡ฆNewfoundland
89%
A251Sri Lanka65,268๐Ÿ‡ฑ๐Ÿ‡ฐSri Lanka
89%
C1Antigua and Barbuda279๐Ÿ‡ฆ๐Ÿ‡ฌAntigua
89%
D1Saint Kitts and Nevis174๐Ÿ‡ฐ๐Ÿ‡ณSaint Kitts
89%
A451Italy25,662๐Ÿ‡ฎ๐Ÿ‡นSicily
89%
A701Jamaica11,190๐Ÿ‡ฏ๐Ÿ‡ฒJamaica
89%
A801Cyprus9,234๐Ÿ‡จ๐Ÿ‡พCyprus
89%
A142New Zealand111,583๐Ÿ‡ณ๐Ÿ‡ฟNorth
89%
A831France8,741๐Ÿ‡ซ๐Ÿ‡ทCorsica
89%
A41Madagascar587,041๐Ÿ‡ฒ๐Ÿ‡ฌMadagascar
89%
A91United Kingdom209,331๐Ÿ‡ฌ๐Ÿ‡งGreat Britain
89%
A21 / 1Indonesia / Papua New Guinea785,753๐Ÿ‡ฎ๐Ÿ‡ฉ ๐Ÿ‡ต๐Ÿ‡ฌNew Guinea
89%
A121New Zealand145,836๐Ÿ‡ณ๐Ÿ‡ฟSouth
89%
A135Indonesia138,794๐Ÿ‡ฎ๐Ÿ‡ฉJava
89%
A482Italy23,949๐Ÿ‡ฎ๐Ÿ‡นSardinia
86%
A51Canada507,451๐Ÿ‡จ๐Ÿ‡ฆBaffin
86%
B1471Spain3,667๐Ÿ‡ช๐Ÿ‡ธMallorca
86%
B1Saint Lucia622๐Ÿ‡ฑ๐Ÿ‡จSaint Lucia
86%
A381Taiwan35,883๐Ÿ‡น๐Ÿ‡ผTaiwan
86%
A32 / 1 / 1Indonesia / Malaysia / Brunei748,168๐Ÿ‡ฎ๐Ÿ‡ฉ ๐Ÿ‡ฒ๐Ÿ‡พ ๐Ÿ‡ง๐Ÿ‡ณBorneo
86%
A881Greece8,350๐Ÿ‡ฌ๐Ÿ‡ทCrete
86%
A261Australia65,022๐Ÿ‡ฆ๐Ÿ‡บTasmania
86%
A63Indonesia443,066๐Ÿ‡ฎ๐Ÿ‡ฉSumatra
86%
D2Antigua and Barbuda160๐Ÿ‡ฆ๐Ÿ‡ฌBarbuda
86%
A71Japan225,800๐Ÿ‡ฏ๐Ÿ‡ตHonshu
86%
A212Japan78,719๐Ÿ‡ฏ๐Ÿ‡ตHokkaido
86%
B1Isle of Man572๐Ÿ‡ฎ๐Ÿ‡ฒIsle of Man
86%
A446 / 1Indonesia / East Timor28,418๐Ÿ‡ฎ๐Ÿ‡ฉ ๐Ÿ‡น๐Ÿ‡ฑTimor
82%
D1Jersey118๐Ÿ‡ฏ๐Ÿ‡ชJersey
82%
A1171Trinidad and Tobago5,009๐Ÿ‡น๐Ÿ‡นTrinidad
82%
D1Aruba180๐Ÿ‡ฆ๐Ÿ‡ผAruba
82%
C1Saint Vincent and the Grenadines345๐Ÿ‡ป๐Ÿ‡จSaint Vincent
82%
C1Grenada306๐Ÿ‡ฌ๐Ÿ‡ฉGrenada
82%
A751United States10,434๐Ÿ‡บ๐Ÿ‡ธHawaiสปi
82%
A811Puerto Rico9,100๐Ÿ‡ต๐Ÿ‡ทPuerto Rico
82%
A114Indonesia180,681๐Ÿ‡ฎ๐Ÿ‡ฉSulawesi
82%
B2674Greece1,400๐Ÿ‡ฌ๐Ÿ‡ทRhodes
79%
A10815Indonesia5,416๐Ÿ‡ฎ๐Ÿ‡ฉBali
79%
D2Trinidad and Tobago300๐Ÿ‡น๐Ÿ‡นTobago
79%
D2Saint Kitts and Nevis93๐Ÿ‡ฐ๐Ÿ‡ณNevis
79%
D1Guernsey65๐Ÿ‡ฌ๐Ÿ‡ฌGuernsey
79%
A151Philippines109,965๐Ÿ‡ต๐Ÿ‡ญLuzon
79%
A4311Canada31,285๐Ÿ‡จ๐Ÿ‡ฆVancouver
75%
A82Canada217,291๐Ÿ‡จ๐Ÿ‡ฆVictoria
75%
A192Philippines97,530๐Ÿ‡ต๐Ÿ‡ญMindanao
75%
A421China33,210๐Ÿ‡จ๐Ÿ‡ณHainan
75%
A961Denmark7,031๐Ÿ‡ฉ๐Ÿ‡ฐZealand
75%
B1Dominica750๐Ÿ‡ฉ๐Ÿ‡ฒDominica
75%
D1Malta246๐Ÿ‡ฒ๐Ÿ‡นMalta
75%
B1Curaรงao444๐Ÿ‡จ๐Ÿ‡ผCuracao
75%
B1Bahrain604๐Ÿ‡ง๐Ÿ‡ญBahrain
75%
D1Bermuda40๐Ÿ‡ง๐Ÿ‡ฒMain (Bermuda)
75%
A10423Canada5,620๐Ÿ‡จ๐Ÿ‡ฆPrince Edward
75%
B2171Mauritius1,860๐Ÿ‡ฒ๐Ÿ‡บMauritius
75%
D1Nauru21๐Ÿ‡ณ๐Ÿ‡ทNauru
71%
A373Japan37,437๐Ÿ‡ฏ๐Ÿ‡ตKyushu
71%
B1Sรฃo Tomรฉ and Prรญncipe845๐Ÿ‡ธ๐Ÿ‡นSao Tome
71%
A291 / 1Argentina / Chile47,401๐Ÿ‡ฆ๐Ÿ‡ท ๐Ÿ‡จ๐Ÿ‡ฑTierra del Fuego
71%
B2072Spain2,034๐Ÿ‡ช๐Ÿ‡ธTenerife
71%
B1Singapore720๐Ÿ‡ธ๐Ÿ‡ฌUjong
71%
F14910United States3,630๐Ÿ‡บ๐Ÿ‡ธLong
71%
F24619United States1,545๐Ÿ‡บ๐Ÿ‡ธOahu
68%
B2951Martinique1,167๐Ÿ‡ซ๐Ÿ‡ทMartinique
68%
B2383Greece1,633๐Ÿ‡ฌ๐Ÿ‡ทLesbos
68%
D1Hong Kong78๐Ÿ‡ญ๐Ÿ‡ฐHong Kong
68%
D1Christmas Island135๐Ÿ‡จ๐Ÿ‡ฝChristmas
68%
B1Barbados431๐Ÿ‡ง๐Ÿ‡งBarbados
68%
C1Bonaire, Sint Eustatius and Saba294๐Ÿ‡ง๐Ÿ‡ถBonaire
68%
A983United States6,675๐Ÿ‡บ๐Ÿ‡ธPrince of Wales
68%
A245Canada70,028๐Ÿ‡จ๐Ÿ‡ฆBanks
68%
A4010Canada33,339๐Ÿ‡จ๐Ÿ‡ฆPrince of Wales
68%
A231Russia72,493๐Ÿ‡ท๐Ÿ‡บSakhalin
68%
A504Japan18,545๐Ÿ‡ฏ๐Ÿ‡ตShikoku
68%
A103Canada196,236๐Ÿ‡จ๐Ÿ‡ฆEllesmere
68%
E1Cocos (Keeling) Islands6๐Ÿ‡จ๐Ÿ‡จWest
64%
D1Saint Martin / Sint Maarten87๐Ÿ‡ฒ๐Ÿ‡ซ ๐Ÿ‡ธ๐Ÿ‡ฝSaint Martin
64%
B1ร…land Islands685๐Ÿ‡ฆ๐Ÿ‡ฝFasta ร…land
64%
B2364United Kingdom1,656๐Ÿ‡ฌ๐Ÿ‡งSkye
64%
A531New Caledonia16,648๐Ÿ‡ณ๐Ÿ‡จNew Caledonia
64%
B2474Spain1,560๐Ÿ‡ช๐Ÿ‡ธGran Canaria
64%
D2Sรฃo Tomรฉ and Prรญncipe136๐Ÿ‡ธ๐Ÿ‡นPrรญncipe
64%
FUnited States87๐Ÿ‡บ๐Ÿ‡ธManhattan
61%
HChile163๐Ÿ‡จ๐Ÿ‡ฑEaster
61%
A361Svalbard and Jan Mayen38,981๐Ÿ‡ธ๐Ÿ‡ฏSpitsbergen
61%
D1Saint Helena121๐Ÿ‡ธ๐Ÿ‡ญSaint Helena
61%
B1Guam544๐Ÿ‡ฌ๐Ÿ‡บGuam
61%
B1641Sweden2,994๐Ÿ‡ธ๐Ÿ‡ชGotland
61%
B1252Falkland Islands4,531๐Ÿ‡ซ๐Ÿ‡ฐWest Falkland
61%
D1Tristan da Cunha98๐Ÿ‡น๐Ÿ‡ฆTristan da Cunha
61%
A392Papua New Guinea35,145๐Ÿ‡ต๐Ÿ‡ฌNew Britain
61%
A302Russia47,079๐Ÿ‡ท๐Ÿ‡บSeverny
61%
B2Portugal741๐Ÿ‡ต๐Ÿ‡นMadeira
61%
A951Falkland Islands7,040๐Ÿ‡ซ๐Ÿ‡ฐEast Falkland
61%
A349Canada41,214๐Ÿ‡จ๐Ÿ‡ฆSouthampton
57%
B5United Kingdom970๐Ÿ‡ฌ๐Ÿ‡งMainland (Shetland)
57%
B1Croatia406๐Ÿ‡ญ๐Ÿ‡ทKrk
57%
B1801Rรฉunion2,535๐Ÿ‡ซ๐Ÿ‡ทRรฉunion
57%
A595Russia14,204๐Ÿ‡ท๐Ÿ‡บOctober Revolution
57%
A6010Indonesia14,154๐Ÿ‡ฎ๐Ÿ‡ฉFlores
57%
EMaldives5๐Ÿ‡ฒ๐Ÿ‡ปMalรฉ
54%
B5Spain845๐Ÿ‡ช๐Ÿ‡ธLanzarote
54%
B1452Greece3,707๐Ÿ‡ฌ๐Ÿ‡ทEuboea
54%
B3141French Polynesia1,044๐Ÿ‡ต๐Ÿ‡ซTahiti
54%
A11626Canada5,048๐Ÿ‡จ๐Ÿ‡ฆMackenzie King
54%
A934Papua New Guinea7,405๐Ÿ‡ต๐Ÿ‡ฌNew Ireland
54%
A645Philippines12,189๐Ÿ‡ต๐Ÿ‡ญPalawan
54%
A276Canada55,247๐Ÿ‡จ๐Ÿ‡ฆDevon
54%
B1212Denmark4,685๐Ÿ‡ฉ๐Ÿ‡ฐNorth Jutlandic
54%
B1441South Georgia and South Sandwich Islands3,718๐Ÿ‡ฌ๐Ÿ‡ธSouth Georgia
50%
B2905Japan1,206๐Ÿ‡ฏ๐Ÿ‡ตOkinawa
50%
B2714Bahamas1,373๐Ÿ‡ง๐Ÿ‡ธGrand Bahama
50%
B1501Yemen3,607๐Ÿ‡พ๐Ÿ‡ชSocotra
50%
A327Canada43,178๐Ÿ‡จ๐Ÿ‡ฆAxel Heiberg
50%
A338Canada42,149๐Ÿ‡จ๐Ÿ‡ฆMelville
50%
B2191South Korea1,826๐Ÿ‡ฐ๐Ÿ‡ทJeju
50%
A413Russia33,246๐Ÿ‡ท๐Ÿ‡บYuzhny
50%
B2353Spain1,660๐Ÿ‡ช๐Ÿ‡ธFuerteventura
50%
B1653Denmark2,985๐Ÿ‡ฉ๐Ÿ‡ฐFunen
50%
A281Antarctica49,070๐Ÿ‡ฆ๐Ÿ‡ถAlexander
50%
A517Indonesia18,040๐Ÿ‡ฎ๐Ÿ‡ฉHalmahera
50%
A572Svalbard and Jan Mayen14,467๐Ÿ‡ธ๐Ÿ‡ฏNordaustlandet
50%
F1279Philippines4,467๐Ÿ‡ต๐Ÿ‡ญCebu
50%
D1Anguilla91๐Ÿ‡ฆ๐Ÿ‡ฎAnguilla
50%
A1032Australia5,765๐Ÿ‡ฆ๐Ÿ‡บMelville
50%
A792United States9,310๐Ÿ‡บ๐Ÿ‡ธKodiak
50%
A7618Canada10,311๐Ÿ‡จ๐Ÿ‡ฆCape Breton
50%
A351Brazil40,100๐Ÿ‡ง๐Ÿ‡ทMarajรณ
46%
B2854Denmark1,243๐Ÿ‡ฉ๐Ÿ‡ฐLolland
46%
A991French Southern Territories6,617๐Ÿ‡น๐Ÿ‡ซKerguelen
46%
B2023United Kingdom2,086๐Ÿ‡ฌ๐Ÿ‡งLewis and Harris
46%
A6816Canada11,295๐Ÿ‡จ๐Ÿ‡ฆEllef Ringnes
46%
A827Russia8,812๐Ÿ‡ท๐Ÿ‡บKomsomolets
46%
A7213Indonesia10,711๐Ÿ‡ฎ๐Ÿ‡ฉSumba
46%
A696Russia11,206๐Ÿ‡ท๐Ÿ‡บBolshevik
46%
A862Chile8,478๐Ÿ‡จ๐Ÿ‡ฑChiloรฉ
46%
A312Antarctica43,873๐Ÿ‡ฆ๐Ÿ‡ถBerkner
46%
A6115Canada13,111๐Ÿ‡จ๐Ÿ‡ฆKing William
46%
A656Philippines12,011๐Ÿ‡ต๐Ÿ‡ญPanay
46%
A9721Canada6,995๐Ÿ‡จ๐Ÿ‡ฆCornwallis
46%
A589Indonesia14,386๐Ÿ‡ฎ๐Ÿ‡ฉSumbawa
46%
D1Cayman Islands196๐Ÿ‡ฐ๐Ÿ‡พGrand Cayman
46%
F80United States152๐Ÿ‡บ๐Ÿ‡ธStaten
46%
A4612Canada24,786๐Ÿ‡จ๐Ÿ‡ฆSomerset
46%
A741Fiji10,531๐Ÿ‡ซ๐Ÿ‡ฏViti Levu
46%
A528Indonesia17,454๐Ÿ‡ฎ๐Ÿ‡ฉSeram
46%
F12416Indonesia4,514๐Ÿ‡ฎ๐Ÿ‡ฉLombok
46%
B1932Cuba2,237๐Ÿ‡จ๐Ÿ‡บJuventud
43%
D1Montserrat102๐Ÿ‡ฒ๐Ÿ‡ธMontserrat
43%
A842Greenland8,612๐Ÿ‡ฌ๐Ÿ‡ฑQeqertarsuaq
43%
A8920Canada7,941๐Ÿ‡จ๐Ÿ‡ฆAnticosti
43%
B6United Kingdom875๐Ÿ‡ฌ๐Ÿ‡งMull
43%
B5Denmark588๐Ÿ‡ฉ๐Ÿ‡ฐBornholm
43%
A5514Canada15,848๐Ÿ‡จ๐Ÿ‡ฆPrince Patrick
43%
A783Papua New Guinea9,318๐Ÿ‡ต๐Ÿ‡ฌBougainville
43%
B1761Estonia2,673๐Ÿ‡ช๐Ÿ‡ชSaaremaa
43%
A5413Canada16,042๐Ÿ‡จ๐Ÿ‡ฆBathurst
43%
A8714Indonesia8,473๐Ÿ‡ฎ๐Ÿ‡ฉBuru
43%
B2331Tanzania1,666๐Ÿ‡น๐Ÿ‡ฟZanzibar
43%
D1Ascension Island88๐Ÿ‡ฆ๐Ÿ‡จAscension
43%
B1Cape Verde991๐Ÿ‡จ๐Ÿ‡ปSantiago
39%
A7719Canada9,521๐Ÿ‡จ๐Ÿ‡ฆPrince Charles
39%
B2762Sweden1,347๐Ÿ‡ธ๐Ÿ‡ชร–land
39%
A7117Canada11,067๐Ÿ‡จ๐Ÿ‡ฆBylot
39%
B3171Comoros1,025๐Ÿ‡ฐ๐Ÿ‡ฒGrande Comore
39%
H26120United States1,446๐Ÿ‡บ๐Ÿ‡ธKauai
39%
B2492Bahamas1,544๐Ÿ‡ง๐Ÿ‡ธGreat Inagua
39%
B5Greece842๐Ÿ‡ฌ๐Ÿ‡ทChios
39%
D1Norfolk Island34๐Ÿ‡ณ๐Ÿ‡ซNorfolk
39%
A634Philippines12,849๐Ÿ‡ต๐Ÿ‡ญSamar
39%
B1483Solomon Islands3,665๐Ÿ‡ธ๐Ÿ‡งSanta Isabel
39%
G17513United States2,720๐Ÿ‡บ๐Ÿ‡ธUnalaska
39%
DPitcairn4๐Ÿ‡ต๐Ÿ‡ณPitcairn
39%
H5Ecuador585๐Ÿ‡ช๐Ÿ‡จSantiago
39%
A948Philippines7,368๐Ÿ‡ต๐Ÿ‡ญLeyte
39%
A10724Canada5,498๐Ÿ‡จ๐Ÿ‡ฆCoats
39%
A6712Indonesia11,413๐Ÿ‡ฎ๐Ÿ‡ฉBangka
39%
G21616United States1,883๐Ÿ‡บ๐Ÿ‡ธMaui
39%
A1101Solomon Islands5,353๐Ÿ‡ธ๐Ÿ‡งGuadalcanal
39%
C7Svalbard and Jan Mayen377๐Ÿ‡ธ๐Ÿ‡ฏJan Mayen
39%
A623Philippines13,075๐Ÿ‡ต๐Ÿ‡ญNegros
39%
B2893India1,211๐Ÿ‡ฎ๐Ÿ‡ณSouth Andaman
36%
B1Croatia406๐Ÿ‡ญ๐Ÿ‡ทCres
36%
D1Northern Mariana Islands180๐Ÿ‡ฒ๐Ÿ‡ตSaipan
36%
B2Ecuador986๐Ÿ‡ช๐Ÿ‡จSanta Cruz
36%
I54United States250๐Ÿ‡บ๐Ÿ‡ธSanta Cruz
36%
B1Germany926๐Ÿ‡ฉ๐Ÿ‡ชRรผgen
36%
D1Saint Barthรฉlemy25๐Ÿ‡ง๐Ÿ‡ฑSaint Barthรฉlemy
36%
DTurks and Caicos17๐Ÿ‡น๐Ÿ‡จGrand Turk
36%
D1Turks and Caicos144๐Ÿ‡น๐Ÿ‡จMiddle Caicos
36%
G6Spain708๐Ÿ‡ช๐Ÿ‡ธLa Palma
36%
B3181Venezuela1,020๐Ÿ‡ป๐Ÿ‡ชMargarita
36%
B2995Bahamas1,146๐Ÿ‡ง๐Ÿ‡ธGreat Abaco
36%
G1348United States4,069๐Ÿ‡บ๐Ÿ‡ธUnimak
36%
B1721India2,781๐Ÿ‡ฎ๐Ÿ‡ณNorth Andaman
36%
B2512India1,536๐Ÿ‡ฎ๐Ÿ‡ณMiddle Andaman
36%
A1135United States5,135๐Ÿ‡บ๐Ÿ‡ธSaint Lawrence
36%
A11125Canada5,255๐Ÿ‡จ๐Ÿ‡ฆAmund Ringnes
36%
B1551Bahamas3,439๐Ÿ‡ง๐Ÿ‡ธNorth Andros
36%
F15711Philippines3,268๐Ÿ‡ต๐Ÿ‡ญMasbate
36%
B2623Bahamas1,448๐Ÿ‡ง๐Ÿ‡ธSouth Andros
36%
A737Philippines10,572๐Ÿ‡ต๐Ÿ‡ญMindoro
36%
B4Svalbard and Jan Mayen1,288๐Ÿ‡ธ๐Ÿ‡ฏBarents
36%
A1153Svalbard and Jan Mayen5,073๐Ÿ‡ธ๐Ÿ‡ฏEdge
36%
E1US Minor Outlying Islands11๐Ÿ‡บ๐Ÿ‡ฒPalmyra
32%
B1Thailand800๐Ÿ‡น๐Ÿ‡ญPhuket
32%
B2185Australia1,840๐Ÿ‡ฆ๐Ÿ‡บFraser
32%
B1665Solomon Islands2,971๐Ÿ‡ธ๐Ÿ‡งChoiseul
32%
A6611Indonesia11,742๐Ÿ‡ฎ๐Ÿ‡ฉYos Sudarso
32%
B3Cape Verde631๐Ÿ‡จ๐Ÿ‡ปBoa Vista
32%
F14310Philippines4,117๐Ÿ‡ต๐Ÿ‡ญBohol
32%
B1Portugal754๐Ÿ‡ต๐Ÿ‡นSรฃo Miguel
32%
A1052Fiji5,587๐Ÿ‡ซ๐Ÿ‡ฏVanua Levu
32%
C1Heard and McDonald Islands368๐Ÿ‡ญ๐Ÿ‡ฒHeard
32%
B3Mexico647๐Ÿ‡ฒ๐Ÿ‡ฝCozumel
32%
A1063Chile5,556๐Ÿ‡จ๐Ÿ‡ฑWellington
32%
B1412Solomon Islands3,836๐Ÿ‡ธ๐Ÿ‡งMalaita
32%
B2101Equatorial Guinea2,017๐Ÿ‡ฌ๐Ÿ‡ถBioko
32%
H2US Minor Outlying Islands13๐Ÿ‡บ๐Ÿ‡ฒWake
32%
B1Guadeloupe848๐Ÿ‡ฌ๐Ÿ‡ตBasse-Terre
32%
B3032Samoa1,125๐Ÿ‡ผ๐Ÿ‡ธUpolu
32%
D2Bonaire, Sint Eustatius and Saba21๐Ÿ‡ง๐Ÿ‡ถSint Eustatius
32%
D1US Virgin Islands212๐Ÿ‡ป๐Ÿ‡ฎSaint Croix
32%
B2442Norway1,590๐Ÿ‡ณ๐Ÿ‡ดSenja
32%
B1231Ecuador4,640๐Ÿ‡ช๐Ÿ‡จIsabela
32%
B2311Samoa1,694๐Ÿ‡ผ๐Ÿ‡ธSavai'i
32%
D1British Virgin Islands56๐Ÿ‡ป๐Ÿ‡ฌTortola
32%
D2Saint Pierre and Miquelon26๐Ÿ‡ต๐Ÿ‡ฒSaint Pierre
32%
F12918Indonesia4,078๐Ÿ‡ฎ๐Ÿ‡ฉMadura
32%
F13019Indonesia4,408๐Ÿ‡ฎ๐Ÿ‡ฉButon
32%
D1Diego Garcia30๐Ÿ‡ฉ๐Ÿ‡ฌDiego Garcia
32%
B1391Vanuatu3,956๐Ÿ‡ป๐Ÿ‡บEspiritu Santo
32%
C1Niue261๐Ÿ‡ณ๐Ÿ‡บNiue
32%
H4Ecuador642๐Ÿ‡ช๐Ÿ‡จFernandina
29%
B1951Norway2,198๐Ÿ‡ณ๐Ÿ‡ดHinnรธya
29%
B2005Papua New Guinea2,100๐Ÿ‡ต๐Ÿ‡ฌManus
29%
H6Ecuador558๐Ÿ‡ช๐Ÿ‡จSan Cristobal
29%
D1Cook Islands67๐Ÿ‡จ๐Ÿ‡ฐRarotonga
29%
A10122Canada6,361๐Ÿ‡จ๐Ÿ‡ฆGraham
29%
D1Pitcairn37๐Ÿ‡ต๐Ÿ‡ณHenderson
29%
B1594Solomon Islands3,190๐Ÿ‡ธ๐Ÿ‡งMakira
29%
B1Tunisia510๐Ÿ‡น๐Ÿ‡ณDjerba
29%
A1094United States5,388๐Ÿ‡บ๐Ÿ‡ธChichagof
29%
HFrench Southern Territories10๐Ÿ‡น๐Ÿ‡ซAmsterdam
29%
D3Bonaire, Sint Eustatius and Saba13๐Ÿ‡ง๐Ÿ‡ถSaba
29%
D1Wallis and Futuna96๐Ÿ‡ผ๐Ÿ‡ซWallis
29%
B4Norway811๐Ÿ‡ณ๐Ÿ‡ดSรธrรธya
29%
A563Antarctica15,700๐Ÿ‡ฆ๐Ÿ‡ถThurston
29%
B2Tanzania988๐Ÿ‡น๐Ÿ‡ฟPemba
29%
D2Heard and McDonald Islands1๐Ÿ‡ญ๐Ÿ‡ฒMcDonald
29%
D1Seychelles156๐Ÿ‡ธ๐Ÿ‡จMahe
29%
B2Estonia989๐Ÿ‡ช๐Ÿ‡ชHiiumaa
29%
B2Cape Verde779๐Ÿ‡จ๐Ÿ‡ปSanto Antao
29%
G22318United States1,793๐Ÿ‡บ๐Ÿ‡ธUmnak
29%
C1Mayotte368๐Ÿ‡พ๐Ÿ‡นGrand-Terre
29%
H2056Solomon Islands2,037๐Ÿ‡ธ๐Ÿ‡งNew Georgia
29%
B2Haiti700๐Ÿ‡ญ๐Ÿ‡นGonรขve
29%
A918Russia7,866๐Ÿ‡ท๐Ÿ‡บWrangel
29%
I3Tristan da Cunha12๐Ÿ‡น๐Ÿ‡ฆInaccessible
29%
C1Kiribati388๐Ÿ‡ฐ๐Ÿ‡ฎKiritimati
25%
G4Cape Verde476๐Ÿ‡จ๐Ÿ‡ปFogo
25%
C1Faroe Islands373๐Ÿ‡ซ๐Ÿ‡ดStreymoy
25%
B3 /Malaysia / Indonesia452๐Ÿ‡ฒ๐Ÿ‡พ ๐Ÿ‡ฎ๐Ÿ‡ฉSebatik
25%
D2Puerto Rico135๐Ÿ‡ต๐Ÿ‡ทVieques
25%
D1Saint Pierre and Miquelon215๐Ÿ‡ต๐Ÿ‡ฒMiquelon
25%
H5New Zealand442๐Ÿ‡ณ๐Ÿ‡ฟAuckland
25%
C2Madagascar320๐Ÿ‡ฒ๐Ÿ‡ฌNosy Be
25%
D2Mauritius108๐Ÿ‡ฒ๐Ÿ‡บRodriguez
25%
H2Tristan da Cunha91๐Ÿ‡น๐Ÿ‡ฆGough
25%
F13820Indonesia4,048๐Ÿ‡ฎ๐Ÿ‡ฉNias
25%
B3Portugal447๐Ÿ‡ต๐Ÿ‡นPico
25%
D1Costa Rica23๐Ÿ‡จ๐Ÿ‡ทCocos
25%
B5Svalbard and Jan Mayen682๐Ÿ‡ธ๐Ÿ‡ฏKvitรธya
25%
G21436Indonesia1,899๐Ÿ‡ฎ๐Ÿ‡ฉBacan
25%
FCanada499๐Ÿ‡บ๐Ÿ‡ธMontreal
25%
B4India921๐Ÿ‡ฎ๐Ÿ‡ณGreat Nicobar
25%
B5India707๐Ÿ‡ฎ๐Ÿ‡ณLittle Andaman
25%
B5Norway737๐Ÿ‡ณ๐Ÿ‡ดKvalรธya
25%
B2042Vanuatu2,041๐Ÿ‡ป๐Ÿ‡บMalakula
25%
I2Equatorial Guinea17๐Ÿ‡ฌ๐Ÿ‡ถAnnobรณn
25%
IAustralia14๐Ÿ‡ฆ๐Ÿ‡บLord Howe
25%
B2571Iran1,491๐Ÿ‡ฎ๐Ÿ‡ทQeshm
25%
A854Antarctica8,500๐Ÿ‡ฆ๐Ÿ‡ถCarney
25%
F28113Philippines1,327๐Ÿ‡ต๐Ÿ‡ญBasilan
25%
B3Vanuatu899๐Ÿ‡ป๐Ÿ‡บEfate
25%
A492Brazil20,000๐Ÿ‡ง๐Ÿ‡ทBananal
25%
D2Dominican Republic117๐Ÿ‡ฉ๐Ÿ‡ดSaona
21%
G2626Papua New Guinea1,437๐Ÿ‡ต๐Ÿ‡ฌFergusson
21%
C1Guinea-Bissau272๐Ÿ‡ฌ๐Ÿ‡ผOrango
21%
FBangladesh762๐Ÿ‡ง๐Ÿ‡ฉSandwip
21%
B1Kuwait863๐Ÿ‡ฐ๐Ÿ‡ผBubiyan
21%
B1313Australia4,374๐Ÿ‡ฆ๐Ÿ‡บKangaroo
21%
B2862China1,229๐Ÿ‡จ๐Ÿ‡ณChongming
21%
EMarshall Islands9๐Ÿ‡ฒ๐Ÿ‡ญMajuro
21%
B2203New Zealand1,815๐Ÿ‡ณ๐Ÿ‡ฟStewart/Rakiura
21%
B3Norway850๐Ÿ‡ณ๐Ÿ‡ดLangรธya
21%
B2306Greenland1,717๐Ÿ‡ฌ๐Ÿ‡ฑGeographical Society
21%
C1Palau370๐Ÿ‡ต๐Ÿ‡ผBabeldaob
21%
B1Sierra Leone600๐Ÿ‡ธ๐Ÿ‡ฑSherbro
21%
FIndonesia715๐Ÿ‡ฎ๐Ÿ‡ฉBatam
21%
A905Antarctica7,910๐Ÿ‡ฆ๐Ÿ‡ถRoosevelt
21%
A1006Antarctica6,390๐Ÿ‡ฆ๐Ÿ‡ถSiple
21%
IFrench Polynesia134๐Ÿ‡ต๐Ÿ‡ซMoorea
21%
ISeychelles155๐Ÿ‡ธ๐Ÿ‡จAldabra
21%
H4Fiji411๐Ÿ‡ซ๐Ÿ‡ฏKadavu
21%
FIndia619๐Ÿ‡ฎ๐Ÿ‡ณSalsette
21%
A474Russia24,000๐Ÿ‡ท๐Ÿ‡บKotelny
21%
B5Vanuatu677๐Ÿ‡ป๐Ÿ‡บAmbryn
21%
D1Bouvet Island49๐Ÿ‡ง๐Ÿ‡ปBouvet
21%
HAustralia128๐Ÿ‡ฆ๐Ÿ‡บMacquarie
21%
B1Oman658๐Ÿ‡ด๐Ÿ‡ฒMasirah
21%
D2Ireland148๐Ÿ‡ฎ๐Ÿ‡ชAchill
18%
FChina155๐Ÿ‡จ๐Ÿ‡ณXiamen
18%
B3002New Caledonia1,146๐Ÿ‡ณ๐Ÿ‡จLifou
18%
B2631Bangladesh1,441๐Ÿ‡ง๐Ÿ‡ฉBhola
18%
I3French Polynesia318๐Ÿ‡ต๐Ÿ‡ซHiva Oa
18%
A1029Russia6,201๐Ÿ‡ท๐Ÿ‡บNew Siberia
18%
ISolomon Islands660๐Ÿ‡ธ๐Ÿ‡งRennell
18%
D2Wallis and Futuna83๐Ÿ‡ผ๐Ÿ‡ซFutuna
18%
G18310Antarctica2,460๐Ÿ‡ฆ๐Ÿ‡ถRoss
18%
HSolomon Islands505๐Ÿ‡ธ๐Ÿ‡งNendo
18%
C1Federated States of Micronesia334๐Ÿ‡ซ๐Ÿ‡ฒPohnpei
18%
H26United States673๐Ÿ‡บ๐Ÿ‡ธMolokai
18%
B4Vanuatu891๐Ÿ‡ป๐Ÿ‡บErromango
18%
H2Federated States of Micronesia111๐Ÿ‡ซ๐Ÿ‡ฒKosrae
18%
D2South Georgia and South Sandwich Islands110๐Ÿ‡ฌ๐Ÿ‡ธMontagu
18%
D1American Samoa142๐Ÿ‡ฆ๐Ÿ‡ธTutuila
14%
E1Tokelau5๐Ÿ‡น๐Ÿ‡ฐNukunonu
14%
HCook Islands3๐Ÿ‡จ๐Ÿ‡ฐPalmerston
14%
A923Brazil7,700๐Ÿ‡ง๐Ÿ‡ทTupinambarana
14%
A1144Chile5,110๐Ÿ‡จ๐Ÿ‡ฑRiesco
14%
HFrance6๐Ÿ‡จ๐Ÿ‡ตClipperton
14%
I2French Polynesia345๐Ÿ‡ต๐Ÿ‡ซNuku Hiva
14%
G12Papua New Guinea687๐Ÿ‡ต๐Ÿ‡ฌGoodenough
14%
B1534Greenland3,452๐Ÿ‡ฌ๐Ÿ‡ฑTraill
14%
FChina502๐Ÿ‡จ๐Ÿ‡ณZhoushan
14%
B3Tanzania435๐Ÿ‡น๐Ÿ‡ฟMafia
14%
B2Comoros424๐Ÿ‡ฐ๐Ÿ‡ฒAnjouan
14%
FPhilippines869๐Ÿ‡ต๐Ÿ‡ญJolo
14%
F55Indonesia803๐Ÿ‡ฎ๐Ÿ‡ฉAmbon
14%
B2911Mexico1,201๐Ÿ‡ฒ๐Ÿ‡ฝTiburรณn
14%
B2751Myanmar1,350๐Ÿ‡ฒ๐Ÿ‡ฒRamree
14%
G1277Antarctica4,663๐Ÿ‡ฆ๐Ÿ‡ถAdelaide
14%
D1Honduras155๐Ÿ‡ญ๐Ÿ‡ณRoatan
14%
D2Taiwan145๐Ÿ‡น๐Ÿ‡ผKinmen
14%
C1Saudi Arabia395๐Ÿ‡ธ๐Ÿ‡ฆFarasan
11%
H4Portugal400๐Ÿ‡ต๐Ÿ‡นTerceira
11%
B1845Greenland2,437๐Ÿ‡ฌ๐Ÿ‡ฑYmer
11%
F2667Brazil1,410๐Ÿ‡ง๐Ÿ‡ทSรฃo Luรญs
11%
B1894Australia2,326๐Ÿ‡ฆ๐Ÿ‡บGroote Eylandt
11%
IFrench Polynesia15๐Ÿ‡ต๐Ÿ‡ซMangareva
11%
H4New Zealand920๐Ÿ‡ณ๐Ÿ‡ฟChatham
11%
IBrazil18๐Ÿ‡ง๐Ÿ‡ทFernando de Noronha
11%
HFrench Polynesia40๐Ÿ‡ต๐Ÿ‡ซRapa
11%
A11210Russia5,157๐Ÿ‡ท๐Ÿ‡บGreat Lyakhovsky
11%
B1466Chile3,688๐Ÿ‡จ๐Ÿ‡ฑSanta Inรฉs
11%
B1355Chile4,117๐Ÿ‡จ๐Ÿ‡ฑHoste
11%
H9Kiribati16๐Ÿ‡ฐ๐Ÿ‡ฎStarbuck
7%
B3Cuba777๐Ÿ‡จ๐Ÿ‡บCayo Romano
7%
C1Tonga256๐Ÿ‡น๐Ÿ‡ดTongatapu
7%
C1South Africa290๐Ÿ‡ฟ๐Ÿ‡ฆMarion
7%
B2Argentina534๐Ÿ‡ฆ๐Ÿ‡ทIsla de los Estados
7%
FMalaysia293๐Ÿ‡ฒ๐Ÿ‡พPenang
7%
G18511Antarctica2,432๐Ÿ‡ฆ๐Ÿ‡ถAnvers
7%
G18Antarctica976๐Ÿ‡ฆ๐Ÿ‡ถBrabant
7%
HMauritius1๐Ÿ‡ฒ๐Ÿ‡บAlbatross
7%
HChile0๐Ÿ‡จ๐Ÿ‡ฑSala y Gomez
7%
A1184Brazil5,000๐Ÿ‡ง๐Ÿ‡ทCaviana
7%
HJapan2๐Ÿ‡ฏ๐Ÿ‡ตMinami-Tori-Shima
7%
B2Malaysia530๐Ÿ‡ฒ๐Ÿ‡พBruit
7%
HUS Minor Outlying Islands2๐Ÿ‡บ๐Ÿ‡ฒJohnston
7%
D2Sri Lanka126๐Ÿ‡ฑ๐Ÿ‡ฐMannar
7%
H19New Zealand20๐Ÿ‡ณ๐Ÿ‡ฟAntipodes
7%
H2Kiribati39๐Ÿ‡ฐ๐Ÿ‡ฎMalden
7%
H16New Zealand29๐Ÿ‡ณ๐Ÿ‡ฟRaoul
7%
B1205Brazil4,864๐Ÿ‡ง๐Ÿ‡ทIlha Grande de Gurupรก
7%
D1Mauritania150๐Ÿ‡ฒ๐Ÿ‡ทTidra
4%
FPhilippines65๐Ÿ‡บ๐Ÿ‡ธMactan
4%
B3Myanmar450๐Ÿ‡ฒ๐Ÿ‡ฒKadan Kyun
4%
G23Philippines465๐Ÿ‡ต๐Ÿ‡ญSibuyan
4%
B2Mexico931๐Ÿ‡ฒ๐Ÿ‡ฝรngel de la Guarda
4%
GAntarctica148๐Ÿ‡ฆ๐Ÿ‡ถSmith
4%
C1United Arab Emirates306๐Ÿ‡ฆ๐Ÿ‡ชAbu al Abyad
4%
HBrazil0๐Ÿ‡ง๐Ÿ‡ทBelmonte
4%
B1403Greenland3,913๐Ÿ‡ฌ๐Ÿ‡ฑMilne Land
4%
FBrazil424๐Ÿ‡ง๐Ÿ‡ทSanta Catarina
4%
B1Malaysia441๐Ÿ‡ฒ๐Ÿ‡พBanggi
4%
B3Fiji434๐Ÿ‡ซ๐Ÿ‡ฏTaveuni
4%
B3Ecuador855๐Ÿ‡ช๐Ÿ‡จPunรก
4%
D1Egypt42๐Ÿ‡ช๐Ÿ‡ฌShadwan
4%
B1Vietnam546๐Ÿ‡ป๐Ÿ‡ณPhu Quoc
4%
C1Mozambique340๐Ÿ‡ฒ๐Ÿ‡ฟInhacamba
4%
A17431Canada2,766๐Ÿ‡จ๐Ÿ‡ฆManitoulin
4%
G16Greenland540๐Ÿ‡ฌ๐Ÿ‡ฑUpernivik
4%
B2Myanmar523๐Ÿ‡ฒ๐Ÿ‡ฒCheduba
4%
D1East Timor105๐Ÿ‡น๐Ÿ‡ฑAtauro
4%
B1Panama494๐Ÿ‡ต๐Ÿ‡ฆCoiba
4%
B1Eritrea755๐Ÿ‡ช๐Ÿ‡ทDahlak Kebir
4%
GRussia119๐Ÿ‡ท๐Ÿ‡บAtlasov
4%
HSolomon Islands480๐Ÿ‡ธ๐Ÿ‡งSouth Malaita
4%
C3Falkland Islands265๐Ÿ‡ซ๐Ÿ‡ฐWeddell
4%
C1Turkey279๐Ÿ‡น๐Ÿ‡ทGรถkรงeada
4%
H54Indonesia846๐Ÿ‡ฎ๐Ÿ‡ฉKarakelong
4%

Score Distribution

Percentile by Number Answered

Percent of People with Each Score

Your Score History

You have not taken this quiz since the last reset